Data structures and algorithms in Java (Record no. 5893)

000 -LEADER
fixed length control field 00585 a2200205 4500
020 ## - INTERNATIONAL STANDARD BOOK NUMBER
International Standard Book Number 0-534-37668-1
040 ## - CATALOGING SOURCE
Original cataloging agency DLC
082 0# - DEWEY DECIMAL CLASSIFICATION NUMBER
Classification number 005.13
Author Mark 3
082 0# - DEWEY DECIMAL CLASSIFICATION NUMBER
Classification number 005.13
Author Mark 3
082 0# - DEWEY DECIMAL CLASSIFICATION NUMBER
Classification number 005.73
100 1# - MAIN ENTRY--PERSONAL NAME
Personal name Drozdek, Adam
245 00 - TITLE STATEMENT
Title Data structures and algorithms in Java
Statement of responsibility, etc. Adam Drozdek
260 ## - PUBLICATION, DISTRIBUTION, ETC.
Place of publication, distribution, etc. Pacific Grove, CA :
Name of publisher, distributor, etc. Brooks/Cole Pub,
Date of publication, distribution, etc. cop. 2001
300 ## - PHYSICAL DESCRIPTION
Extent xvii, 622 s. :
Other physical details ill.
650 #0 - SUBJECT ADDED ENTRY--TOPICAL TERM
Topical term or geographic name entry element Java (Computer program language)
650 #0 - SUBJECT ADDED ENTRY--TOPICAL TERM
Topical term or geographic name entry element Data structures (Computer science)
650 #0 - SUBJECT ADDED ENTRY--TOPICAL TERM
Topical term or geographic name entry element Computer algorithms
650 #0 - SUBJECT ADDED ENTRY--TOPICAL TERM
Topical term or geographic name entry element Data structures
942 ## - ADDED ENTRY ELEMENTS (KOHA)
Koha item type Book
Call number prefix 005.133 DRO
Source of classification or shelving scheme
Holdings
Withdrawn status Lost status Damaged status Not for loan Collection code Permanent Location Current Location Shelving location Date acquired Source of acquisition Cost, normal purchase price Total Checkouts Full call number Barcode Date last seen Date last checked out Price effective from Koha item type
          Central Library (CL) Central Library (CL) First Floor - Software Engineering/ Programming Language 01/18/2003 Allied Book Company 4714.87 2 005.133 DRO SEECS002969 10/04/2016 09/26/2016 01/05/2017 Book
© 2023 Central Library, National University of Sciences and Technology. All Rights Reserved.